LEADER 01335nam0-2200397li-450 001 990000242800203316 005 20180312154812.0 010 $a0-521-58519-8 035 $a0024280 035 $aUSA010024280 035 $a(ALEPH)000024280USA01 035 $a0024280 100 $a20001109d1997----km-y0itay0103----ba 101 0 $aeng 102 $aUS 200 1 $aAlgorithms on strings, trees, and sequences$ecomputer science and computationalbiology$fDan Gusfield 210 $aCambridge$cUniversity Press$dcopyr. 1997 215 $aXVIII, 534 p.$cill.$d26 cm 610 1 $aalgoritmi 610 1 $abiologia molecolare-elaborazione di dati 676 $a0057$9Dati nei sistemi di elaborazione 700 1$aGusfield,$bDan$066398 801 $aSistema bibliotecario di Ateneo dell' Università di Salerno$bCBS$iSBD$gRICA 912 $a990000242800203316 951 $a005.7 GUS (A)$b0024443$c005.7$d00102199 951 $a005.7 GUS (B)$b0025887$c005.7$d00103540 959 $aBK 969 $aSCI 979 $c19990102 979 $c20001110$lUSA01$h1715 979 $aALANDI$b90$c20010219$lUSA01$h1225 979 $aALANDI$b90$c20010326$lUSA01$h1108 979 $c20020403$lUSA01$h1632 979 $aPATRY$b90$c20040406$lUSA01$h1617 996 $aAlgorithms on strings, trees, and sequences$9377880 997 $aUNISA LEADER 01153nam0M2200373--I450- 001 990000281610203316 005 19971125000000.0 010 $a0-7277-2007-4 035 $a0028161 035 $aUSA010028161 035 $a(ALEPH)000028161USA01 035 $a0028161 100 $aAug-14,-d1996----km-yaita-0103----ba 101 $aeng 102 $aGB 200 1 $aRepair of concrete bridges$fG. P. Mallett 210 $aLondon$cTelford$d1996 215 $aXI, 194 p.$d24 cm 225 0 $aState-of-the-art review / Transport and road research laboratory 410 1$12001$aState-of-the-art review / Transport and road research laboratory 606 $aPonti in cemento armato$xManutenzione 676 $a624.28 700 $aMALLETT, G. P.$bG. P.$0541952 801 0$aIT$bICCU$c19980723 912 $a990000281610203316 951 $a624.28 MAL$b15151 Ing.$c624$d00006031 959 $aBK 969 $aTEC 979 $aTAMI$b40$c20001025$lUSA01$h1400 979 $c20001110$lUSA01$h1716 979 $c20020403$lUSA01$h1636 979 $aPATRY$b90$c20040406$lUSA01$h1620 996 $aRepair of concrete bridges$9880478 997 $aUNISA